Statistiques concernant Répliques de film

Cliquez ici pour prendre le quiz!

Statistiques générales

  • Ce quiz a été pris 103 fois
  • Le résultat moyen est 20 sur 42

Statistiques - réponses

HintRéponse% Correct
Tu es un sorcier HarryRubeus Hagrid
93%
Téléphone maisonE.T
91%
Je suis... ton pèreDark Vador
88%
Vers l'infini, et au delà!Buzz l'Eclair
83%
Ce n'est pas n'importe quel balais Harry,
c'est un Nimbus 2000!
Ron Weasley
81%
Ce sera notre petit secret...
Longue vie au roi
Pars, pars très loi et ne reviens jamais
Scar
81%
Alors... On attend pas Patrick?patrick
78%
La vie c'est comme une boite de chocolats :
on sait jamais sur quoi on va tomber
Forrest Gump
73%
Je s'appellegroot
73%
Le côté obscur de la Force, redouter tu doisYoda
70%
Je ne suis pas un gros et gras panda,
je suis le, gros et gras panda
Po
69%
Salut, ça farte ?Brice de Nice
66%
VOUS, ne passerez pas, PAS !
Fuyez pauvres fous
Gandalf
64%
Un grand pouvoir implique de grandes
responsabilités
Benjamin Parker
60%
Tu n'es qu'un jouet!Boisé
59%
Ssssplendide!Le masque
56%
Vous savez moi je ne crois pas qu'il y ait de
bonnes ou mauvaises situations...
Otis
56%
Maintenant, je vais me coucher !
Avant que l'un de vous ait une idée brillante pour nous faire tuer.
Ou pire, nous faisons expulser !
Hermione Granger
54%
J'aime me beurrer la biscotte
J'aime quand on m'enduit d'huile
La blanquette est bonne
Hubert Bonisseur de la Bath
53%
Ouvrez vos livres page 394...Severus Rogue
53%
Spartiates quel est votre métier?Léonidas
49%
Personne ne me traite de mauvietteMarty Mcfly
49%
Ah t'es là ! T'es là ou t'es pas l'àJeff Tuche
45%
Nom de Zeus !Dr Emmett Brown
44%
Whou Punaise!
Espèce de sale pitit !
C'est nul !
Homer Simpson
44%
Pas de chance... crotte de nez
LE SILENCE !
Albus Dumbledore
43%
Et là on est presque arrivés?L'Ane
39%
Vendez moi, ce stylo bille...Jordan Belfort
33%
Pas de petits bruits énervants, compris?Gru
25%
Si j'aurais su, j'aurais pas venuP'tit Gibus
25%
NON !!!Luke Skywalker
25%
Le monde chico, et tout ce qu'il y a dedansTony Montana
24%
Houston, sur un problèmeJim Lovell
21%
Je vais lui faire une offre qu'il ne pourra pas
refuser
Vito Corleone
21%
Ce que tu dis n'a aucun sens...Jack Sparrow
21%
On leur fait coucous les p'tits gars...Les Pingouins de Madagascar
20%
C'est à moi que tu parles?Travis Bickle
19%
Et il sera pour moi!... Pour nous... Oui, oui,
c'est ce que je voulais dire
Gollum
18%
Avant je me disais que ma vie était une
tragédie, je me rends compte que c'est une
comédie
Le Joker
16%
Si je te dis t'es tendue, t'es tendueClaudy Faucan
13%
Je suis trop vieux pour ces conneriesRoger Murtaugh
9%
Tu vois, le monde se divise en deux catégories :
ceux qui ont un pistolet chargé et ceux qui
ceusent. Toi tu creuses.
Blondin
4%

Distribution des résultats

Percentile par nombre de réponses

% des personnes avec chaque résultat

Votre développement - résultats

Vous n’avez pas pris ce quiz